[Event "BL 0304 SV Werder Bremen - Bremer SG"]
[Site "Bremen"]
[Date "2003.12.12"]
[Round "7.7"]
[White "Baburin, Alexander"]
[Black "Skripchenko, Almira"]
[Result "1-0"]
[WhiteElo "2541"]
[BlackElo "2489"]
[PlyCount "97"]
[EventDate "2003.11.01"]

1. d4 d5 2. c4 dxc4 3. e3 e6 4. Bxc4 a6 5. Nf3 c5 6. O-O Nf6 7. dxc5 Qxd1 8.
Rxd1 Bxc5 9. Nbd2 b6 10. Be2 Bb7 11. Nc4 Nbd7 12. Nfd2 Bd5 13. Nb3 Be7 14. Bd2
O-O 15. Rac1 Rac8 16. f3 b5 17. Nca5 Nc5 18. Nd4 Rfe8 19. b3 Bf8 20. e4 Ba8 21.
Be3 Nb7 22. Nxb7 Bxb7 23. a4 bxa4 24. bxa4 Bc5 25. Kf2 Nd7 26. Nb3 Bxe3+ 27.
Kxe3 Rxc1 28. Rxc1 Rc8 29. Rxc8+ Bxc8 30. Kd4 Kf8 31. Nc5 Nb8 32. f4 Ke7 33. e5
Kd8 34. Bf3 Kc7 35. a5 f6 36. h4 f5 37. Kc4 g6 38. Kb4 Kd8 39. Nb3 Kc7 40. Nd4
Bd7 41. Kc5 Bc8 42. Kb4 Bd7 43. Be2 Bc8 44. Bc4 Nc6+ 45. Nxc6 Kxc6 46. g3 h6
47. Bb3 Bd7 48. Ba2 Bc8 49. Bc4 1-0

[Event "BL 0304 SV Werder Bremen - Bremer SG"]
[Site "Bremen"]
[Date "2003.12.12"]
[Round "7.8"]
[White "Joachim, Sven"]
[Black "Gisbrecht, Ewgeni"]
[Result "1/2-1/2"]
[WhiteElo "2438"]
[BlackElo "2441"]
[PlyCount "38"]
[EventDate "2003.11.01"]

1. e4 c5 2. Nc3 Nc6 3. Nf3 e5 4. Bc4 d6 5. d3 Be7 6. O-O Nf6 7. Ng5 O-O 8. f4
exf4 9. Bxf4 Nd4 10. Qd2 Bd7 11. Nd5 Nxd5 12. Bxd5 Ne6 13. Nxe6 Bxe6 14. Bxe6
fxe6 15. Qe2 Bg5 16. Qg4 Bxf4 17. Rxf4 Rxf4 18. Qxf4 Qe7 19. Rf1 Rf8 1/2-1/2

[Event "BL 0304 Solinger SG - SV Wattenscheid"]
[Site "Solingen"]
[Date "2003.12.12"]
[Round "7.2"]
[White "Kasimdzhanov, Rustam"]
[Black "Nielsen, Peter-Heine"]
[Result "1/2-1/2"]
[WhiteElo "2668"]
[BlackElo "2626"]
[PlyCount "111"]
[EventDate "2003.11.01"]

1. d4 Nf6 2. c4 e6 3. Nc3 Bb4 4. e3 O-O 5. Bd3 c5 6. Nf3 d5 7. O-O dxc4 8. Bxc4
Nbd7 9. a3 cxd4 10. axb4 dxc3 11. bxc3 Qc7 12. Qb3 Nb6 13. Be2 e5 14. Ra5 Be6
15. Qc2 Nbd7 16. c4 Rfc8 17. Nd2 b6 18. Ra6 Qb7 19. b5 Nc5 20. Ra1 a6 21. bxa6
Rxa6 22. Bb2 Rxa1 23. Rxa1 Nfd7 24. Bc3 Ra8 25. Qb1 Rxa1 26. Qxa1 f6 27. h3 Qa6
28. Qxa6 Nxa6 29. f4 Nac5 30. g4 exf4 31. exf4 f5 32. Nf1 Ne4 33. Bd4 Nd6 34.
Ne3 g6 35. Kg2 Kf7 36. g5 Nc5 37. h4 Bd7 38. h5 Bc6+ 39. Kg3 Nce4+ 40. Kh2 b5
41. cxb5 Bxb5 42. Bd1 Bd7 43. h6 Nb5 44. Be5 Nbc3 45. Bf3 Bb5 46. Bxc3 Nxc3 47.
Nd5 Nxd5 48. Bxd5+ Kf8 49. Kg3 Be8 50. Kf2 Bf7 51. Bf3 Ke7 52. Ke3 Kd6 53. Kd4
Be6 54. Be2 Bd7 55. Bd1 Be6 56. Be2 1/2-1/2

[Event "BL 0304 Solinger SG - SV Wattenscheid"]
[Site "Solingen"]
[Date "2003.12.12"]
[Round "7.3"]
[White "Johannessen, Leif Erlend"]
[Black "Jussupow, Artur"]
[Result "1/2-1/2"]
[WhiteElo "2495"]
[BlackElo "2589"]
[PlyCount "47"]
[EventDate "2003.11.01"]

1. d4 Nf6 2. c4 e6 3. Nc3 d5 4. Nf3 c5 5. cxd5 Nxd5 6. e3 Nc6 7. Bd3 Be7 8. O-O
O-O 9. a3 Nxc3 10. bxc3 b6 11. Bb2 Bb7 12. Qe2 Bf6 13. Rad1 cxd4 14. cxd4 Rc8
15. Be4 Qe7 16. d5 exd5 17. Bxd5 Bxb2 18. Qxb2 Na5 19. Bxb7 Qxb7 20. Nd4 Rc5
21. Rd3 Nc4 22. Qb3 Ne5 23. Rd2 g6 24. Rfd1 1/2-1/2

[Event "BL 0304 Solinger SG - SV Wattenscheid"]
[Site "Solingen"]
[Date "2003.12.12"]
[Round "7.4"]
[White "Gabriel, Christian"]
[Black "Appel, Ralf"]
[Result "1-0"]
[WhiteElo "2560"]
[BlackElo "2513"]
[PlyCount "97"]
[EventDate "2003.11.01"]

1. d4 d5 2. c4 c6 3. Nf3 Nf6 4. Qb3 dxc4 5. Qxc4 Bf5 6. g3 e6 7. Bg2 Be7 8. Qb3
Qb6 9. Nbd2 Na6 10. Nc4 Qxb3 11. axb3 Nb4 12. O-O Nc2 13. Ra5 Be4 14. Rd1 Nd5
15. Ne1 Bxg2 16. Nxc2 Be4 17. Ne1 O-O 18. f3 Bg6 19. e4 Nb6 20. Nd3 Nd7 21. Nf4
Rfd8 22. Be3 b5 23. Nd2 e5 24. Nxg6 hxg6 25. Kf2 exd4 26. Bxd4 Bc5 27. Be3
Bxe3+ 28. Kxe3 Ne5 29. Ke2 Rd4 30. f4 Ng4 31. h3 Nf6 32. e5 Nd5 33. Nf3 Rxd1
34. Kxd1 Rd8 35. Ke2 Rd7 36. Ra1 f6 37. Rc1 Nb4 38. Rc3 a5 39. Re3 Nc2 40. Rd3
Re7 41. Rd8+ Kf7 42. Kd3 Nb4+ 43. Kd4 Na6 44. g4 Rc7 45. f5 gxf5 46. gxf5 fxe5+
47. Kxe5 Re7+ 48. Kd6 Re2 49. h4 1-0

[Event "BL 0304 Solinger SG - SV Wattenscheid"]
[Site "Solingen"]
[Date "2003.12.13"]
[Round "7.6"]
[White "Naumann, Alexander"]
[Black "Holzke, Frank Dr"]
[Result "1/2-1/2"]
[WhiteElo "2518"]
[BlackElo "2471"]
[PlyCount "49"]
[EventDate "2003.11.01"]

1. Nf3 Nf6 2. c4 c5 3. Nc3 Nc6 4. g3 g6 5. Bg2 Bg7 6. O-O O-O 7. d4 cxd4 8.
Nxd4 Ng4 9. e3 Nxd4 10. exd4 d6 11. b3 Rb8 12. a4 a6 13. a5 e5 14. Nd5 Be6 15.
h3 Bxd5 16. Bxd5 Nf6 17. Bg2 exd4 18. Bb2 b5 19. axb6 Qxb6 20. Bxd4 Qxb3 21.
Qxb3 Rxb3 22. Rxa6 Ne8 23. Be3 Be5 24. Ra7 Ng7 25. g4 1/2-1/2

[Event "BL 0304 Solinger SG - SV Wattenscheid"]
[Site "Solingen"]
[Date "2003.12.12"]
[Round "7.8"]
[White "Hoffmann, Michael"]
[Black "Straeter, Timo"]
[Result "1/2-1/2"]
[WhiteElo "2430"]
[BlackElo "2335"]
[PlyCount "45"]
[EventDate "2003.11.01"]

1. Nf3 Nf6 2. c4 c6 3. g3 d5 4. Bg2 Bg4 5. b3 e6 6. Bb2 Nbd7 7. O-O Bd6 8. d3
Qe7 9. a3 O-O 10. Nbd2 a5 11. h3 Bh5 12. Qc2 Rfe8 13. Nd4 Bg6 14. e4 dxe4 15.
dxe4 e5 16. Nf5 Bxf5 17. exf5 Bc5 18. Rfe1 Qd6 19. Rad1 Qc7 20. Ne4 Nxe4 21.
Rxe4 Nf6 22. Re2 h5 23. Be4 1/2-1/2

[Event "BL 0304 Stuttgarter Sfr - SC Baden Oos"]
[Site "Stuttgart"]
[Date "2004.02.13"]
[Round "7.2"]
[White "Berezovsky, Igor"]
[Black "Dautov, Rustem"]
[Result "1/2-1/2"]
[WhiteElo "2444"]
[BlackElo "2610"]
[PlyCount "43"]
[EventDate "2003.11.01"]

1. d4 Nf6 2. c4 c6 3. Nc3 d5 4. e3 a6 5. Bd3 b5 6. b3 Bg4 7. Nge2 Bh5 8. O-O
Bg6 9. f3 Nbd7 10. cxd5 cxd5 11. Nf4 e6 12. Bb2 Bd6 13. Nce2 Qb8 14. g3 Bxd3
15. Nxd3 O-O 16. Rc1 b4 17. Rc6 Rc8 18. Qc2 Nb6 19. Rc1 Rxc6 20. Qxc6 Ra7 21.
Kg2 Ne8 22. Qc2 1/2-1/2

[Event "BL 0304 Stuttgarter Sfr - SC Baden Oos"]
[Site "Stuttgart"]
[Date "2004.02.13"]
[Round "7.3"]
[White "Huebner, Robert Dr"]
[Black "Papa, Severin"]
[Result "1-0"]
[WhiteElo "2604"]
[BlackElo "2401"]
[PlyCount "59"]
[EventDate "2003.11.01"]

1. d4 d5 2. c4 c6 3. Nc3 Nf6 4. Nf3 a6 5. c5 Nbd7 6. Bf4 Nh5 7. e3 g6 8. h4 Bg7
9. Bh2 O-O 10. Be2 Re8 11. g4 Nhf6 12. Rg1 b6 13. cxb6 Qxb6 14. Qc2 Bb7 15. Kf1
Ne4 16. Nxe4 dxe4 17. Nd2 c5 18. Nc4 Qe6 19. Rd1 Rac8 20. Qd2 cxd4 21. exd4 Nf6
22. b3 Nd5 23. Be5 Red8 24. Bxg7 Kxg7 25. Rg3 Qf6 26. g5 Qf4 27. Bg4 Rc7 28.
Kg1 e3 29. Nxe3 Nc3 30. Nf5+ 1-0

[Event "BL 0304 Stuttgarter Sfr - SC Baden Oos"]
[Site "Stuttgart"]
[Date "2004.02.13"]
[Round "7.4"]
[White "Reuss, Andreas"]
[Black "Krasenkow, Michal"]
[Result "1/2-1/2"]
[WhiteElo "2361"]
[BlackElo "2597"]
[PlyCount "81"]
[EventDate "2003.11.01"]

1. Nf3 d6 2. c4 Nf6 3. Nc3 Bf5 4. d4 c6 5. Bg5 Ne4 6. Nxe4 Bxe4 7. Qb3 Qb6 8.
Qc3 Nd7 9. Nd2 Bg6 10. e4 e5 11. Be3 Qc7 12. Be2 Be7 13. d5 cxd5 14. cxd5 Qxc3
15. bxc3 Bd8 16. a4 Bb6 17. Bxb6 axb6 18. Bb5 Ke7 19. Nc4 Rac8 20. f3 f5 21.
exf5 Bf7 22. Bxd7 Rxc4 23. Be6 Rxc3 24. Kd2 Rc5 25. Rhb1 Bxe6 26. dxe6 Rc6 27.
a5 g6 28. fxg6 hxg6 29. Rxb6 Rxb6 30. axb6 Kxe6 31. h3 Kd5 32. Rc1 Ra8 33. Rc7
Ra2+ 34. Ke3 Rxg2 35. Rxb7 Kc6 36. Rb8 d5 37. Re8 Kxb6 38. Rxe5 Kc5 39. Re8 g5
40. Rc8+ Kd6 41. Rd8+ 1/2-1/2

[Event "BL 0304 Stuttgarter Sfr - SC Baden Oos"]
[Site "Stuttgart"]
[Date "2004.02.13"]
[Round "7.5"]
[White "Schlosser, Philipp"]
[Black "Lorscheid, Gerhard"]
[Result "1-0"]
[WhiteElo "2560"]
[BlackElo "2297"]
[PlyCount "61"]
[EventDate "2003.11.01"]

1. d4 d6 2. c4 Nf6 3. Nc3 g6 4. g3 Bg7 5. Bg2 O-O 6. e3 c6 7. Nge2 Be6 8. b3
Qc8 9. h3 Rd8 10. Bb2 Na6 11. Qd2 c5 12. Rc1 d5 13. cxd5 Nxd5 14. Nxd5 Bxd5 15.
e4 Bc6 16. d5 Bxb2 17. Qxb2 Bb5 18. O-O e6 19. Rfe1 Bxe2 20. Rxe2 Qd7 21. Qf6
Re8 22. Rd2 exd5 23. Rxd5 Qe7 24. e5 Qxf6 25. exf6 Re6 26. Rd7 Rb8 27. Bxb7
Rxf6 28. a3 Re8 29. Bd5 Nb8 30. Rxa7 Rd8 31. Rxc5 1-0

[Event "BL 0304 Stuttgarter Sfr - SC Baden Oos"]
[Site "Stuttgart"]
[Date "2004.02.13"]
[Round "7.6"]
[White "Heinatz, Thomas"]
[Black "Keitlinghaus, Ludger"]
[Result "0-1"]
[WhiteElo "2332"]
[BlackElo "2503"]
[PlyCount "56"]
[EventDate "2003.11.01"]

1. e4 d5 2. exd5 Qxd5 3. Nc3 Qa5 4. d4 c6 5. Nf3 Bf5 6. Bc4 Nd7 7. Bd2 e6 8.
Ne4 Qc7 9. Ng3 Bg6 10. h4 h6 11. h5 Bh7 12. Qe2 Bxc2 13. Rc1 Bh7 14. O-O Ngf6
15. d5 cxd5 16. Bxd5 Qb6 17. Be3 Bc5 18. Bxb7 Bxe3 19. Bxa8 Bxc1 20. Rxc1 O-O
21. Bc6 Rc8 22. Qc4 Qxb2 23. a4 Nb8 24. Nd4 Bd3 25. Qc3 Qxc3 26. Rxc3 Ba6 27.
Rc2 e5 28. Ndf5 Kf8 0-1

[Event "BL 0304 Stuttgarter Sfr - SC Baden Oos"]
[Site "Stuttgart"]
[Date "2004.02.13"]
[Round "7.7"]
[White "Doettling, Fabian"]
[Black "Vuckovic, Aleksandar"]
[Result "1-0"]
[WhiteElo "2519"]
[BlackElo "2321"]
[PlyCount "87"]
[EventDate "2003.11.01"]

1. Nf3 c5 2. c4 e6 3. Nc3 b6 4. d4 cxd4 5. Nxd4 a6 6. e4 Bb7 7. f3 d6 8. Be3
Nf6 9. Be2 Nbd7 10. O-O Be7 11. a4 O-O 12. a5 bxa5 13. Nb3 Rb8 14. Nxa5 Ba8 15.
Qd2 Qc7 16. Rfc1 Nc5 17. b4 Ncd7 18. Na4 Rfd8 19. Qe1 Re8 20. Rab1 Bd8 21. Kh1
h6 22. Qd2 Ne5 23. Bf1 g5 24. Bd4 Ng6 25. Qe3 Nd7 26. c5 dxc5 27. Nxc5 Nxc5 28.
Bxc5 Qe5 29. Nc4 Qf6 30. Nd6 Rf8 31. Ba7 Be7 32. Bxb8 Rxb8 33. Rc8+ Rxc8 34.
Nxc8 Bf8 35. Bxa6 g4 36. Nb6 Bc6 37. b5 Be8 38. Nc4 gxf3 39. Qxf3 Qd4 40. b6
Bc6 41. Qe3 Qxe3 42. Nxe3 Bc5 43. Nc4 Bxe4 44. b7 1-0

[Event "BL 0304 TV Tegernsee - SK König Plauen"]
[Site "Tegernsee"]
[Date "2004.02.13"]
[Round "7.1"]
[White "Kindermann, Stefan"]
[Black "Khenkin, Igor"]
[Result "1/2-1/2"]
[WhiteElo "2542"]
[BlackElo "2627"]
[PlyCount "47"]
[EventDate "2003.11.01"]

1. e4 c6 2. d4 d5 3. exd5 cxd5 4. c4 Nf6 5. Nc3 e6 6. Nf3 Bb4 7. cxd5 Nxd5 8.
Bd2 Nc6 9. Bd3 Be7 10. O-O O-O 11. Re1 Ndb4 12. Bf4 Nxd3 13. Qxd3 Bf6 14. Rad1
Ne7 15. Bg5 Bxg5 16. Nxg5 Ng6 17. Qg3 Bd7 18. d5 exd5 19. Nxd5 Re8 20. Ne4 Rc8
21. Nd6 Rxe1+ 22. Rxe1 Qa5 23. Nc3 Rc7 24. h3 1/2-1/2

[Event "BL 0304 TV Tegernsee - SK König Plauen"]
[Site "Tegernsee"]
[Date "2004.02.13"]
[Round "7.2"]
[White "Sokolov, Andrei"]
[Black "Espig, Lutz"]
[Result "1-0"]
[WhiteElo "2584"]
[BlackElo "2429"]
[PlyCount "117"]
[EventDate "2003.11.01"]

1. e4 c5 2. Nf3 e6 3. d4 cxd4 4. Nxd4 a6 5. Bd3 Nf6 6. Qe2 d6 7. Be3 g6 8. c4
Bg7 9. Nc3 O-O 10. O-O b6 11. Rfd1 Bb7 12. Rac1 Nbd7 13. Nf3 Qc7 14. Bb1 Ng4
15. Bg5 Rfe8 16. Qd2 Nde5 17. Nxe5 Nxe5 18. b3 Bf8 19. Ne2 Rac8 20. Rc3 Bc6 21.
Qf4 Be7 22. Rh3 f6 23. Qh4 h5 24. Bxf6 b5 25. Rg3 bxc4 26. bxc4 Bxf6 27. Qxf6
Qf7 28. Qg5 Kh7 29. h3 Ba4 30. Rxd6 Rc5 31. Qh4 Rxc4 32. Bd3 Rc6 33. Rxc6 Bxc6
34. Nd4 Qd7 35. Nxc6 Nxd3 36. Qg5 Rg8 37. Ne5 Nxe5 38. Qxe5 Qd1+ 39. Kh2 Qe2
40. Qxe6 Qxf2 41. Rf3 Qe2 42. e5 Qe4 43. Qd6 Kh6 44. e6 h4 45. Rf4 Qe1 46. Rf6
Re8 47. e7 Qe4 48. Re6 Qf5 49. Re3 Qg5 50. Re4 Kg7 51. Qd4+ Qf6 52. Rxh4 Qxd4
53. Rxd4 Rxe7 54. Rd6 a5 55. Rd5 a4 56. Rd4 a3 57. Rd3 Ra7 58. Rf3 g5 59. g4
1-0

[Event "BL 0304 TV Tegernsee - SK König Plauen"]
[Site "Tegernsee"]
[Date "2004.02.13"]
[Round "7.3"]
[White "Priehoda, Viteslav"]
[Black "Ribli, Zoltan"]
[Result "1/2-1/2"]
[WhiteElo "2372"]
[BlackElo "2593"]
[PlyCount "83"]
[EventDate "2003.11.01"]

1. d4 Nf6 2. c4 e6 3. Nf3 d5 4. Nc3 dxc4 5. e3 a6 6. Bxc4 b5 7. Be2 Bb7 8. O-O
Nbd7 9. a3 c5 10. dxc5 Bxc5 11. b4 Be7 12. Bb2 O-O 13. Qb3 Qb6 14. Rfd1 Rac8
15. Rd2 Rfd8 16. h3 h6 17. Qd1 Qc7 18. Rc1 Qb8 19. Nb1 Rxc1 20. Qxc1 Ne4 21.
Rc2 Bd6 22. Nbd2 Ndf6 23. Qe1 Bd5 24. Nxe4 Nxe4 25. Nd4 Bh2+ 26. Kh1 Be5 27.
Bf3 Rc8 28. Rxc8+ Qxc8 29. Bxe4 Bxe4 30. f3 Bd5 31. Nc6 Qxc6 32. Bxe5 f6 33.
Bd4 Qc2 34. e4 Bc4 35. Qc3 Qe2 36. Qe3 Qa2 37. e5 f5 38. Qc3 Qb1+ 39. Bg1 Kh7
40. Kh2 Qa2 41. Bd4 Qe2 42. Qb2 1/2-1/2

[Event "BL 0304 TV Tegernsee - SK König Plauen"]
[Site "Tegernsee"]
[Date "2004.02.13"]
[Round "7.4"]
[White "Bischoff, Klaus"]
[Black "Sandner, Gunter"]
[Result "1-0"]
[WhiteElo "2564"]
[BlackElo "2311"]
[PlyCount "79"]
[EventDate "2003.11.01"]

1. d4 Nf6 2. c4 e6 3. Nf3 c5 4. d5 exd5 5. cxd5 d6 6. Nc3 g6 7. Nd2 a6 8. a4
Nbd7 9. e4 Bg7 10. Be2 O-O 11. O-O Re8 12. Re1 Rb8 13. Qc2 Ne5 14. Nf1 c4 15.
a5 b5 16. axb6 Qxb6 17. Ne3 Nfg4 18. Ned1 Qd4 19. Bxg4 Nxg4 20. h3 Ne5 21. Be3
Qd3 22. Qc1 Bxh3 23. f3 Bh6 24. Bxh6 Nxf3+ 25. gxf3 Qxf3 26. Qd2 Qg3+ 27. Kh1
Bg4 28. Re3 Bf3+ 29. Rxf3 Qxf3+ 30. Qg2 Qh5+ 31. Qh2 Qf3+ 32. Kg1 Re5 33. Qg2
Qf6 34. Ne3 Qh4 35. Ng4 Rh5 36. Rf1 Rxh6 37. Nxh6+ Qxh6 38. Rf2 Qe3 39. Kh2
Qh6+ 40. Qh3 1-0

[Event "BL 0304 TV Tegernsee - SK König Plauen"]
[Site "Tegernsee"]
[Date "2004.02.13"]
[Round "7.5"]
[White "Kuraszkiewicz, Michael"]
[Black "Boensch, Uwe"]
[Result "1/2-1/2"]
[WhiteElo "2304"]
[BlackElo "2545"]
[PlyCount "122"]
[EventDate "2003.11.01"]

1. d4 d5 2. c4 e6 3. Nc3 c6 4. e3 f5 5. Bd3 Nf6 6. Nge2 Bd6 7. f3 O-O 8. Qc2
Bd7 9. Bd2 Kh8 10. O-O-O Na6 11. a3 c5 12. Kb1 Rc8 13. Qb3 Qb6 14. Qxb6 axb6
15. cxd5 exd5 16. h3 Nc7 17. g4 Ng8 18. g5 Ne7 19. h4 Ne6 20. Bc1 Bc6 21. f4 h5
22. Bc2 c4 23. Bd2 Ra8 24. Ng1 g6 25. Nf3 Rfd8 26. Rhe1 Kg7 27. Na2 Ba4 28. Bc3
Bxc2+ 29. Kxc2 Nc6 30. Rf1 b5 31. Ne5 Bxe5 32. dxe5 Kf7 33. Bd4 Ra6 34. Kc3 Ra4
35. Rf2 Rda8 36. Bb6 R8a6 37. Bd4 Ke7 38. Rff1 b6 39. Rf2 Nc7 40. Rfd2 Ke6 41.
Nb4 Nxb4 42. axb4 Ra1 43. Kc2 Rxd1 44. Rxd1 Kd7 45. Bc3 Kc6 46. Bd4 Ra4 47. Bc3
Na6 48. Rg1 Nxb4+ 49. Bxb4 Rxb4 50. Ra1 Ra4 51. Rxa4 bxa4 52. Kc1 b5 53. Kb1 b4
54. Kc1 Kb5 55. Kc2 Kc5 56. Kc1 Kb5 57. Kc2 Kc5 58. Kc1 b3 59. Kd2 Kb5 60. Kc3
Kc5 61. Kd2 Kb5 1/2-1/2

[Event "BL 0304 TV Tegernsee - SK König Plauen"]
[Site "Tegernsee"]
[Date "2004.02.13"]
[Round "7.6"]
[White "Beim, Valery"]
[Black "Dirr, Ulrich"]
[Result "1-0"]
[WhiteElo "2518"]
[BlackElo "2299"]
[PlyCount "47"]
[EventDate "2003.11.01"]

1. Nf3 f5 2. d4 Nf6 3. Bg5 e6 4. Nbd2 Be7 5. c3 O-O 6. Qc2 d5 7. Bxf6 Bxf6 8.
e3 b6 9. c4 c6 10. Be2 Nd7 11. cxd5 cxd5 12. Qc6 Kf7 13. Qxa8 Qc7 14. O-O Bb7
15. Rac1 Nc5 16. Qxa7 Ra8 17. Qxa8 Bxa8 18. b4 Be7 19. Nb3 Qa7 20. dxc5 Qxa2
21. Ne5+ Kf6 22. Nd7+ Kf7 23. Nd4 bxc5 24. bxc5 1-0

[Event "BL 0304 TV Tegernsee - SK König Plauen"]
[Site "Tegernsee"]
[Date "2004.02.13"]
[Round "7.7"]
[White "Espig, Thomas"]
[Black "Hertneck, Gerald"]
[Result "0-1"]
[WhiteElo "2300"]
[BlackElo "2524"]
[PlyCount "48"]
[EventDate "2003.11.01"]

1. e4 c5 2. Nf3 e6 3. c3 Nf6 4. e5 Nd5 5. d4 cxd4 6. cxd4 Nc6 7. Nc3 d6 8. exd6
Bxd6 9. Bd3 Nf4 10. Bxf4 Bxf4 11. Qe2 Nxd4 12. Nxd4 Qxd4 13. Bb5+ Ke7 14. O-O
Qe5 15. Qf3 Bd2 16. Ne4 Bb4 17. Bc4 Bd7 18. Qb3 a5 19. f3 Qd4+ 20. Kh1 Rhc8 21.
Bd3 a4 22. Qd1 a3 23. b3 Ra5 24. Qe2 f5 0-1

[Event "BL 0304 TV Tegernsee - SK König Plauen"]
[Site "Tegernsee"]
[Date "2004.02.13"]
[Round "7.8"]
[White "Teske, Henrik"]
[Black "Pfeufer, Lion"]
[Result "1-0"]
[WhiteElo "2518"]
[BlackElo "2015"]
[PlyCount "71"]
[EventDate "2003.11.01"]

1. d4 Nf6 2. c4 g6 3. Nc3 Bg7 4. g3 O-O 5. Bg2 d6 6. e3 Nc6 7. Nge2 a6 8. O-O
Rb8 9. b3 Bd7 10. a4 a5 11. Bb2 e5 12. Rc1 Re8 13. Nb5 e4 14. Qd2 Nb4 15. Bc3
Nd3 16. Rcd1 Bh6 17. Nc1 Nxc1 18. Rxc1 b6 19. Rc2 d5 20. b4 c6 21. Nd6 Re6 22.
c5 axb4 23. Bxb4 Ne8 24. Nxe8 Rxe8 25. cxb6 Qxb6 26. Bc5 Qb3 27. a5 Bf8 28. Ra1
Bxc5 29. dxc5 Qb7 30. Bf1 Qa7 31. Qc3 Be6 32. Rcc1 Ra8 33. Rcb1 Reb8 34. Rb6
Qc7 35. Rab1 Bc8 36. Qb4 1-0